[Event "Women's Speed Chess Q5"]
[Site "chess.com INT"]
[Date "2021.06.04"]
[Round "3"]
[White "Sedina, Elena"]
[Black "Agrest, Inna"]
[Result "1-0"]
[WhiteTitle "IM"]
[BlackTitle "WIM"]
[WhiteElo "2294"]
[BlackElo "2285"]
[WhiteFideId "812153"]
[BlackFideId "1708830"]
[EventDate "2021.06.04"]

1. e4 e5 2. Nf3 Nc6 3. Bc4 Nf6 4. d3 Bc5 5. O-O a6 6. Re1 d6 7. c3 Ba7 8. Bb3
O-O 9. h3 Nh5 10. Nbd2 Qf6 11. Nf1 h6 12. Ne3 Nf4 13. Ng4 Bxg4 14. hxg4 Ne7 15.
d4 Neg6 16. g3 Ne6 17. Be3 Qe7 18. Kg2 exd4 19. cxd4 c5 20. Qd2 cxd4 21. Nxd4
Nxd4 22. Bxd4 Bxd4 23. Qxd4 Ne5 24. Rad1 Nxg4 25. Qxd6 Qxd6 26. Rxd6 Rfd8 27.
Red1 Rxd6 28. Rxd6 Re8 29. Rd7 Ne5 30. Rxb7 Rd8 31. Bd5 Rd7 32. Rxd7 Nxd7 33. b4
Kf8 34. Kf3 Ke7 35. Ke3 Kd6 36. Bxf7 1-0

[Event "Women's Speed Chess Q5"]
[Site "chess.com INT"]
[Date "2021.06.04"]
[Round "3"]
[White "Tarasova, Viktoriya"]
[Black "Zaksaite, Salomeja"]
[Result "1-0"]
[WhiteTitle "WIM"]
[BlackTitle "WIM"]
[WhiteElo "2226"]
[BlackElo "2202"]
[WhiteFideId "4175840"]
[BlackFideId "12801496"]
[EventDate "2021.06.04"]

1. d4 Nf6 2. c4 g6 3. Nc3 d5 4. cxd5 Nxd5 5. e4 Nxc3 6. bxc3 Bg7 7. Bc4 c5 8.
Ne2 Nc6 9. Be3 O-O 10. O-O Bg4 11. f3 Bd7 12. Rb1 Qc7 13. d5 Na5 14. Bd3 c4 15.
Bc2 b6 16. Bd4 e5 17. Be3 Nb7 18. f4 f6 19. f5 Nd6 20. g4 b5 21. Ng3 a5 22. Qd2
Rab8 23. h4 Be8 24. g5 b4 25. Kh2 bxc3 26. Qxc3 Nb5 27. Qd2 Na3 28. Rxb8 Qxb8
29. Bd1 Bb5 30. Rf2 c3 31. Qxc3 Nc4 32. a4 Ba6 33. Bc1 Rc8 34. fxg6 fxg5 35.
gxh7+ Kxh7 36. Qf3 Rf8 37. Nf5 Kg8 38. Bxg5 Nd6 39. Ne7+ Kh7 40. Qh5+ 1-0

[Event "Women's Speed Chess Q5"]
[Site "chess.com INT"]
[Date "2021.06.04"]
[Round "3"]
[White "Vantika, Agrawal"]
[Black "Papp, Petra"]
[Result "0-1"]
[WhiteTitle "WIM"]
[BlackTitle "WGM"]
[WhiteElo "2286"]
[BlackElo "2336"]
[WhiteFideId "25050389"]
[BlackFideId "739049"]
[EventDate "2021.06.04"]

1. Nf3 c5 2. g3 Nc6 3. Bg2 g6 4. O-O Bg7 5. c4 e6 6. Nc3 Nge7 7. e3 O-O 8. d4 d6
9. b3 b6 10. Bb2 Bb7 11. Qd2 a6 12. Rfd1 Qc7 13. d5 exd5 14. Nxd5 Nxd5 15. cxd5
Ne7 16. Bxg7 Kxg7 17. e4 f6 18. Rac1 Rad8 19. Nd4 Bc8 20. b4 Qa7 21. bxc5 bxc5
22. Nb3 Bg4 23. f3 Bd7 24. Na5 g5 25. Kh1 Ng6 26. Rb1 Rb8 27. Nc4 Qc7 28. f4 h6
29. Bf3 Rxb1 30. Rxb1 Rb8 31. Rc1 Bb5 32. Ne3 Bd7 33. Bh5 Qd8 34. Rf1 Qe7 35.
Qc2 Rb4 36. Bf3 Bh3 37. Re1 Bd7 38. Kg1 gxf4 39. gxf4 Nxf4 40. Kh1 Kh8 41. Qf2
Nd3 42. Qh4 Nxe1 43. Qxh6+ Kg8 0-1

[Event "Women's Speed Chess Q5"]
[Site "chess.com INT"]
[Date "2021.06.04"]
[Round "3"]
[White "Kanyamarala, Trisha"]
[Black "Khalafova, Narmin"]
[Result "0-1"]
[WhiteTitle "WIM"]
[BlackTitle "WGM"]
[WhiteElo "2180"]
[BlackElo "2279"]
[WhiteFideId "45004722"]
[BlackFideId "13402625"]
[EventDate "2021.06.04"]

1. e4 c5 2. Nf3 d6 3. d4 Nf6 4. Nc3 cxd4 5. Qxd4 a6 6. h3 Nc6 7. Qe3 g6 8. Bd3
Bg7 9. O-O O-O 10. a3 b5 11. Rd1 Qc7 12. Bd2 Bb7 13. Rac1 Rac8 14. Re1 Nd7 15.
Nd5 Qd8 16. c4 e6 17. Nb4 Bxb2 18. Rb1 Bxa3 19. Nxc6 Bxc6 20. cxb5 axb5 21. Bxb5
Bxb5 22. Qxa3 Bc6 23. Qxd6 Qf6 24. Bg5 Qg7 25. Rbc1 Ba4 26. e5 Rfe8 27. Qd4 Bb5
28. Qf4 Qf8 29. Qh4 Nc5 30. Bh6 Qe7 31. Bg5 Qb7 32. Bf6 h5 33. Qg5 Kh7 34. g4
Ne4 35. Qf4 Rxc1 36. Rxc1 Rg8 37. gxh5 gxh5+ 38. Kh2 Nd2 0-1

[Event "Women's Speed Chess Q5"]
[Site "chess.com INT"]
[Date "2021.06.04"]
[Round "3"]
[White "Daulyte-Cornette, Deimante"]
[Black "Nguyen, Hong Ngoc"]
[Result "1-0"]
[WhiteTitle "IM"]
[BlackTitle "WCM"]
[WhiteElo "2394"]
[BlackElo "1957"]
[WhiteFideId "12802859"]
[BlackFideId "12403083"]
[EventDate "2021.06.04"]

1. e4 c5 2. Nc3 d6 3. f4 g6 4. Nf3 Bg7 5. Bb5+ Nc6 6. d3 a6 7. Bxc6+ bxc6 8. O-O
Bg4 9. Qe1 d5 10. e5 Bxf3 11. Rxf3 e6 12. Na4 Bf8 13. c4 d4 14. b3 h5 15. Ba3
Nh6 16. Bxc5 Bxc5 17. Nxc5 Nf5 18. Ne4 O-O 19. h3 Ne3 20. Rxe3 dxe3 21. Qxe3 Qe7
22. Nf6+ Kh8 23. f5 Kg7 24. Nxh5+ Kg8 25. f6 Qa7 26. c5 Kh7 27. Ng3 Rfd8 28. Ne4
Rd5 29. Qg5 Rxc5 30. Kh1 Rh8 31. Qe3 Rc1+ 32. Qxc1 Qd4 33. Qc3 Qe3 34. Re1 Qf4
35. Qd2 Qh4 36. Qf2 Qh5 37. Rc1 Qxe5 38. Rxc6 Qa1+ 39. Kh2 Qe5+ 40. Qg3 Qh5 41.
Ng5+ 1-0

[Event "Women's Speed Chess Q5"]
[Site "chess.com INT"]
[Date "2021.06.04"]
[Round "3"]
[White "Morris-Suzuki, Sophie"]
[Black "Dong, Khanh Linh"]
[Result "1-0"]
[WhiteTitle "WFM"]
[BlackTitle "WCM"]
[WhiteElo "2043"]
[BlackElo "1970"]
[WhiteFideId "30922615"]
[BlackFideId "12403040"]
[EventDate "2021.06.04"]

1. e4 c5 2. Nf3 d6 3. Bb5+ Bd7 4. Bxd7+ Nxd7 5. O-O Ngf6 6. Re1 g6 7. c3 Bg7 8.
d4 cxd4 9. cxd4 O-O 10. Nc3 e6 11. h3 a6 12. Bg5 Qa5 13. a3 Rac8 14. b4 Qb6 15.
Rc1 h6 16. Be3 d5 17. e5 Nh7 18. Qd2 g5 19. Ne2 Rc6 20. Rxc6 bxc6 21. Ng3 Rc8
22. Nh5 Bf8 23. h4 Be7 24. Nh2 f5 25. exf6 Ndxf6 26. Nxf6+ Nxf6 27. hxg5 Ne4 28.
Qe2 hxg5 29. Qh5 Kg7 30. Qg4 Rh8 31. Nf3 Qc7 32. g3 Kf7 33. Ne5+ Ke8 34. Qxe6
Qd6 35. Qf7+ Kd8 36. Rc1 Rf8 37. Qh7 Re8 38. Nf7+ Kd7 39. Nxd6 Kxd6 40. Qg6+ Kd7
41. Qxc6+ Kd8 42. Qxd5+ Nd6 43. Bxg5 Kd7 44. Qc6+ Ke6 45. Re1+ Kf7 46. Bxe7 Rxe7
47. Rxe7+ Kxe7 48. Qxa6 Kd7 49. Qa7+ Ke6 50. a4 Nf5 51. a5 Kd5 52. Qd7+ Ke4 53.
Qe6+ Kf3 54. Qxf5+ Ke2 55. d5 Kd1 56. d6 Kc1 57. d7 Kb2 1-0

[Event "Women's Speed Chess Q5"]
[Site "chess.com INT"]
[Date "2021.06.04"]
[Round "3"]
[White "Tomilova, Elena"]
[Black "Berend, Elvira"]
[Result "1-0"]
[WhiteTitle "WGM"]
[BlackTitle "WGM"]
[WhiteElo "2353"]
[BlackElo "2326"]
[WhiteFideId "4162340"]
[BlackFideId "4000510"]
[EventDate "2021.06.04"]

1. e4 c5 2. Nf3 e6 3. d4 cxd4 4. Nxd4 Nc6 5. Nc3 a6 6. g3 d6 7. Bg2 Bd7 8. O-O
Nf6 9. a4 Be7 10. Be3 O-O 11. Nxc6 Bxc6 12. a5 Qc8 13. Na4 Qd8 14. Nb6 Rb8 15.
Qd3 Ng4 16. Bd4 Ne5 17. Qe2 Nd7 18. Rfd1 Nxb6 19. Bxb6 Qc8 20. c4 Ra8 21. b4 Bd7
22. Rac1 Ba4 23. Rd3 Re8 24. Qa2 Bd7 25. Rcd1 Bc6 26. Qb3 Bf8 27. b5 Bd7 28. e5
axb5 29. cxb5 d5 30. Rc3 Qb8 31. Bc7 Qa7 32. Bb6 Qb8 33. Rc7 Bc8 34. Rdc1 Be7
35. h4 f6 36. exf6 Bxf6 37. Bh3 Kh8 38. Qf3 d4 39. h5 h6 40. Qe4 Bg5 41. R1c4
Bf6 42. Bf1 1-0

[Event "Women's Speed Chess Q5"]
[Site "chess.com INT"]
[Date "2021.06.04"]
[Round "3"]
[White "Bodnaruk, Anastasia"]
[Black "Avramidou, Anastasia"]
[Result "1-0"]
[WhiteTitle "IM"]
[BlackTitle "FM"]
[WhiteElo "2446"]
[BlackElo "2238"]
[WhiteFideId "4181751"]
[BlackFideId "4239873"]
[EventDate "2021.06.04"]

1. e4 e6 2. d4 d5 3. e5 c5 4. c3 Qb6 5. Nf3 Nc6 6. a3 c4 7. g3 Bd7 8. h4 Na5 9.
Nbd2 Ne7 10. Bh3 O-O-O 11. O-O f6 12. exf6 gxf6 13. Re1 Rg8 14. Rb1 Nf5 15. b4
cxb3 16. Nxb3 Ba4 17. Qd3 Bb5 18. Qc2 Nxb3 19. Rxe6 Qxe6 20. Bxf5 Qxf5 21. Qxf5+
Bd7 22. Qxd5 Bc6 23. Qxg8 Nxc1 24. Qg4+ Bd7 25. Qe4 Bc6 26. Qe6+ Kc7 27. Rxc1
Bxf3 28. Qxf6 Bc6 29. c4 Bxa3 30. Rd1 Bb2 31. Qf4+ Kc8 32. d5 Bd7 33. c5 Ba3 34.
c6 Bxc6 35. Ra1 Bd6 36. Qf5+ Bd7 37. Qxh7 Bc5 38. Rc1 b6 39. h5 a5 40. h6 Kb8
41. Qg7 Bf5 42. h7 Bxh7 43. Qxh7 1-0

[Event "Women's Speed Chess Q5"]
[Site "chess.com INT"]
[Date "2021.06.04"]
[Round "3"]
[White "Zakirova, Aisha"]
[Black "Soumya, Swaminathan"]
[Result "1-0"]
[WhiteTitle "WCM"]
[BlackTitle "IM"]
[WhiteElo "1585"]
[BlackElo "2351"]
[WhiteFideId "13719734"]
[BlackFideId "5016193"]
[EventDate "2021.06.04"]

1. d4 Nf6 2. c4 g6 3. Nc3 Bg7 4. e4 d6 5. Nge2 O-O 6. Ng3 c5 7. d5 e6 8. Bd3
exd5 9. cxd5 h5 10. Bg5 a6 11. a4 Nbd7 12. O-O Ne5 13. f4 Nxd3 14. Qxd3 Qc7 15.
Bxf6 Bxf6 16. e5 dxe5 17. f5 c4 18. Qe3 Be7 19. Qh6 h4 20. fxg6 Qb6+ 21. Kh1
Qxg6 22. Qxg6+ fxg6 23. Nge4 Rxf1+ 24. Rxf1 Bf5 25. d6 Bf8 26. d7 Kg7 27. Ng5
Be7 28. Nf3 Bf6 29. Nd5 e4 30. Nd2 Bxb2 31. Nxc4 1-0

[Event "Women's Speed Chess Q5"]
[Site "chess.com INT"]
[Date "2021.06.04"]
[Round "3"]
[White "Gevorgyan, Maria"]
[Black "Campos, Maria Jose"]
[Result "1-0"]
[WhiteTitle "WGM"]
[BlackTitle "WFM"]
[WhiteElo "2219"]
[BlackElo "2133"]
[WhiteFideId "13300270"]
[BlackFideId "146803"]
[EventDate "2021.06.04"]

1. e4 e5 2. Nf3 Nc6 3. Bc4 Bc5 4. d3 Nf6 5. c3 d6 6. Bb3 Bb6 7. Nbd2 h6 8. O-O
O-O 9. h3 Ne7 10. Re1 Ng6 11. Nf1 Be6 12. Bc2 Qd7 13. d4 c6 14. Ng3 Rad8 15. Be3
Rfe8 16. Qd2 Kh7 17. a4 Qc7 18. b4 a5 19. Nf5 d5 20. Bxh6 Nxe4 21. Bxe4 dxe4 22.
Bxg7 Nf4 23. Bxe5 Bxf5 24. Bxc7 Bxc7 25. Nh4 Bd7 26. bxa5 f5 27. Rab1 Bc8 28.
Nxf5 Rg8 29. Ng3 Rdf8 30. Rxe4 Rg5 31. Re7+ Rg7 32. Qc2+ Kg8 33. Rxg7+ Kxg7 34.
Re1 Bd6 35. c4 Rf7 36. c5 Bc7 37. d5 cxd5 38. Qb2+ Kh7 39. Re8 Be6 40. Qh8+ Kg6
41. Rg8+ 1-0

[Event "Women's Speed Chess Q5"]
[Site "chess.com INT"]
[Date "2021.06.04"]
[Round "3"]
[White "Tsolakidou, Stavroula"]
[Black "Belenkaya, Dina"]
[Result "0-1"]
[WhiteTitle "IM"]
[BlackTitle "WGM"]
[WhiteElo "2379"]
[BlackElo "2341"]
[WhiteFideId "4264312"]
[BlackFideId "24142654"]
[EventDate "2021.06.04"]

1. d4 d5 2. c4 dxc4 3. Nf3 Nf6 4. e3 e6 5. Bxc4 a6 6. O-O c5 7. Bd3 Nbd7 8. Re1
b6 9. e4 cxd4 10. e5 Nd5 11. Ng5 Nc5 12. Qh5 Qc7 13. Bc4 Bb7 14. Bd2 g6 15. Qg4
h6 16. Nf3 Bg7 17. Na3 b5 18. Bf1 d3 19. Rac1 Qe7 20. b4 Nd7 21. Bxd3 N7b6 22.
h4 Rd8 23. Be4 O-O 24. h5 f5 25. exf6 Nxf6 26. Qxg6 Bxe4 27. Rxe4 Nxe4 28. Qxe4
Rxf3 29. Qxf3 Rxd2 30. Rc6 Rd6 0-1

[Event "Women's Speed Chess Q5"]
[Site "chess.com INT"]
[Date "2021.06.04"]
[Round "3"]
[White "Pavlidou, Ekaterini"]
[Black "Bivol, Alina"]
[Result "1/2-1/2"]
[WhiteTitle "WIM"]
[BlackTitle "WGM"]
[WhiteElo "2157"]
[BlackElo "2374"]
[WhiteFideId "4213262"]
[BlackFideId "4100123"]
[EventDate "2021.06.04"]

1. d4 Nf6 2. c4 g6 3. Nc3 c5 4. d5 Bg7 5. e4 d6 6. Bd3 e6 7. Nge2 exd5 8. exd5
O-O 9. O-O a6 10. Bg5 h6 11. Bh4 Qc7 12. h3 Nbd7 13. f4 b5 14. cxb5 c4 15. Bc2
axb5 16. a3 Nc5 17. Nxb5 Qb6 18. Nbc3 Nd3+ 19. Bf2 Nxf2 20. Rxf2 Bf5 21. Bxf5
gxf5 22. Ng3 Ne4 23. Ncxe4 fxe4 24. Nxe4 Rfe8 25. Qc2 Bd4 26. Rf1 Bxf2+ 27. Rxf2
Qd4 28. Nxd6 Re1+ 29. Kh2 Qxd5 30. Nf5 Re6 31. g4 Rae8 32. Qc3 f6 33. Nxh6+ Kh7
34. Nf5 Re2 35. Qg3 Qd2 36. Qh4+ Kg8 37. Nh6+ Kg7 38. Nf5+ Kf7 39. Qh5+ Kf8 40.
Qh8+ Kf7 41. Qh5+ Kf8 42. Qh6+ Kf7 43. Qh5+ 1/2-1/2

[Event "Women's Speed Chess Q5"]
[Site "chess.com INT"]
[Date "2021.06.04"]
[Round "3"]
[White "Von Herman, Brigitte"]
[Black "Ziegenfuss, Antonia"]
[Result "1-0"]
[WhiteTitle "WFM"]
[BlackTitle "WFM"]
[WhiteElo "1991"]
[BlackElo "2157"]
[WhiteFideId "4628730"]
[BlackFideId "12962554"]
[EventDate "2021.06.04"]

1. e4 c5 2. c3 Nf6 3. e5 Nd5 4. d4 cxd4 5. Nf3 e6 6. cxd4 b6 7. Bc4 Bb4+ 8. Nbd2
Bxd2+ 9. Bxd2 Ba6 10. Qe2 Bxc4 11. Qxc4 Nc6 12. O-O O-O 13. a3 Rc8 14. Qd3 d6
15. Rfe1 dxe5 16. dxe5 Nde7 17. Qe4 Qd5 18. Qg4 Ng6 19. Bc3 Rfd8 20. h4 Nce7 21.
h5 Rc4 22. Qg5 h6 23. Qc1 Nf4 24. b3 Re4 25. Qc2 Rxe1+ 26. Rxe1 Nxh5 27. Ra1 Nf4
28. Re1 Qc6 29. Qb2 Ned5 30. Nd4 Qxc3 31. Qxc3 Nxc3 32. Nc6 Rc8 33. Ne7+ Kf8 34.
Nxc8 Nce2+ 35. Kf1 Nd4 36. g3 Nd5 37. b4 a5 38. Rd1 axb4 39. Rxd4 bxa3 40. Ra4
b5 41. Rxa3 b4 1-0

[Event "Women's Speed Chess Q5"]
[Site "chess.com INT"]
[Date "2021.06.04"]
[Round "3"]
[White "Rakshitta, Ravi"]
[Black "Dordzhieva, Dinara"]
[Result "0-1"]
[WhiteTitle "WIM"]
[BlackTitle "WGM"]
[WhiteElo "2190"]
[BlackElo "2311"]
[WhiteFideId "25073230"]
[BlackFideId "24157570"]
[EventDate "2021.06.04"]

1. e4 c5 2. Nf3 d6 3. d4 cxd4 4. Qxd4 Nf6 5. Nc3 e5 6. Qd3 h6 7. Be3 Nc6 8. Be2
Be6 9. O-O-O Be7 10. h3 a6 11. g4 b5 12. g5 hxg5 13. Bxg5 Nb4 14. Qd2 Rc8 15.
Bxf6 gxf6 16. a3 Nc6 17. Nd5 f5 18. exf5 Bxf5 19. Ne3 Be6 20. Kb1 Qb6 21. Bd3 b4
22. a4 b3 23. Bf5 bxc2+ 24. Qxc2 Nd4 25. Qe4 Nxf5 26. Nxf5 Kf8 27. Ne3 Qb3 28.
Nd5 Rc5 29. Rd3 Bxd5 30. Rxb3 Bxe4+ 0-1

[Event "Women's Speed Chess Q5"]
[Site "chess.com INT"]
[Date "2021.06.04"]
[Round "3"]
[White "Luong, Phuong Hanh"]
[Black "Babiy, Olga"]
[Result "0-1"]
[WhiteTitle "WIM"]
[BlackTitle "WGM"]
[WhiteElo "2229"]
[BlackElo "2280"]
[WhiteFideId "12401013"]
[BlackFideId "14117258"]
[EventDate "2021.06.04"]

1. d4 d5 2. c4 dxc4 3. e3 Nf6 4. Bxc4 e6 5. Nf3 a6 6. O-O c5 7. dxc5 Bxc5 8.
Qxd8+ Kxd8 9. Nc3 Ke7 10. e4 b5 11. Bd3 Rd8 12. Bc2 Bb7 13. Bg5 h6 14. Bh4 g5
15. Bg3 Nbd7 16. a3 Rac8 17. Ne5 Nxe5 18. Bxe5 Ng4 19. Bg3 Rd2 20. Rac1 h5 21.
h3 h4 22. Bxh4 gxh4 23. hxg4 Rg8 24. Bd1 Bb6 25. b4 f5 26. exf5 exf5 27. Re1+
Kf6 28. Re2 Rd4 29. Bb3 Rgxg4 30. Re6+ Kg5 31. Rxb6 Bxg2 32. Kh2 Rd3 33. Kg1
Bd5+ 34. Kf1 Bxb3 35. Ke2 Bc4 36. f3 Rg2+ 37. Kf1 h3 0-1

[Event "Women's Speed Chess Q5"]
[Site "chess.com INT"]
[Date "2021.06.04"]
[Round "3"]
[White "Chitlange, Sakshi"]
[Black "Linares Napoles, Oleiny"]
[Result "0-1"]
[WhiteTitle "WIM"]
[BlackTitle "WGM"]
[WhiteElo "2167"]
[BlackElo "2255"]
[WhiteFideId "35002899"]
[BlackFideId "3504794"]
[EventDate "2021.06.04"]

1. d4 Nf6 2. c4 e6 3. g3 c5 4. d5 exd5 5. cxd5 d6 6. Bg2 g6 7. Nf3 Bg7 8. Nc3
O-O 9. O-O Re8 10. Nd2 a6 11. a4 Nbd7 12. Re1 Rb8 13. Rb1 b5 14. axb5 axb5 15.
b4 Ba6 16. Nce4 Nxd5 17. Nxd6 Nc3 18. Qc2 Rxe2 19. Rxe2 Nxe2+ 20. Kh1 Nxc1 21.
Rxc1 c4 22. Qa2 Qb6 23. N6e4 Bb7 24. Nb1 Ne5 25. Rc2 Nd3 26. Qa5 Bxe4 27. Bxe4
Nxf2+ 28. Kg2 Nxe4 29. Re2 Qxa5 30. bxa5 f5 31. a6 b4 32. a7 Ra8 33. Ra2 Bd4 0-1

[Event "Women's Speed Chess Q5"]
[Site "chess.com INT"]
[Date "2021.06.04"]
[Round "3"]
[White "Frayna, Janelle Mae"]
[Black "Dauletova, Gulmira"]
[Result "0-1"]
[WhiteTitle "WGM"]
[BlackTitle "WGM"]
[WhiteElo "2179"]
[BlackElo "2257"]
[WhiteFideId "5212499"]
[BlackFideId "13702971"]
[EventDate "2021.06.04"]

1. d4 Nf6 2. c4 e6 3. Nc3 Bb4 4. f3 d5 5. cxd5 exd5 6. e3 O-O 7. Bd3 c5 8. Ne2
cxd4 9. exd4 Nc6 10. O-O h6 11. a3 Bd6 12. Bc2 a6 13. Bf4 Re8 14. Bxd6 Qxd6 15.
Qd3 g6 16. Qd2 Kg7 17. b4 b5 18. Rae1 Bd7 19. Ng3 h5 20. f4 h4 21. Nge2 Ne4 22.
Bxe4 dxe4 23. Qe3 Bf5 24. d5 Ne7 25. Rd1 Nc8 26. Nd4 Qf6 27. Nxf5+ gxf5 28. Ne2
Nd6 29. Nd4 Nc4 30. Qh3 Nd6 31. Nc6 Rg8 32. Rfe1 Kh7 33. Ne5 Rg7 34. Kf2 Qh6 35.
Ke3 Rag8 36. Rf1 Rxg2 37. Kd4 Rc2 38. Qe3 f6 39. Rg1 fxe5+ 0-1

[Event "Women's Speed Chess Q5"]
[Site "chess.com INT"]
[Date "2021.06.04"]
[Round "3"]
[White "Buksa, Nataliya"]
[Black "Mkrtchian, Lilit"]
[Result "0-1"]
[WhiteTitle "IM"]
[BlackTitle "IM"]
[WhiteElo "2413"]
[BlackElo "2388"]
[WhiteFideId "14123622"]
[BlackFideId "13300601"]
[EventDate "2021.06.04"]

1. e4 e6 2. d4 d5 3. Nd2 c5 4. Ngf3 Nc6 5. exd5 exd5 6. Bb5 Qe7+ 7. Be2 Qc7 8.
O-O Nf6 9. Bb5 cxd4 10. Nxd4 Be7 11. Re1 O-O 12. Nxc6 bxc6 13. Bxc6 Ng4 14. Nf3
Bc5 15. Bxa8 Bxf2+ 16. Kh1 Bb6 17. Qe2 Nf2+ 18. Kg1 Ng4+ 19. Kf1 Qxh2 20. Qb5
Qh1+ 21. Ke2 Qxg2+ 22. Kd1 Qxf3+ 23. Qe2 Nf2+ 24. Kd2 Ne4+ 25. Kd1 Bg4 26. Bg5
Qf5 27. Bc6 Bxe2+ 28. Kxe2 Qxg5 29. Kd3 Nc5+ 30. Kc3 Qg3+ 31. Kb4 Na6+ 32. Ka4
Nc5+ 33. Kb4 Rb8 34. c3 Bc7+ 35. Ka3 Qd6 0-1

[Event "Women's Speed Chess Q5"]
[Site "chess.com INT"]
[Date "2021.06.04"]
[Round "3"]
[White "Li, Xueyi"]
[Black "Socko, Monika"]
[Result "0-1"]
[WhiteTitle "WGM"]
[BlackTitle "GM"]
[WhiteElo "2303"]
[BlackElo "2393"]
[WhiteFideId "8605912"]
[BlackFideId "1106619"]
[EventDate "2021.06.04"]

1. d4 Nf6 2. Nf3 e6 3. g3 b6 4. Bg2 Bb7 5. O-O Be7 6. c4 O-O 7. Nc3 Ne4 8. Nxe4
Bxe4 9. Be3 d5 10. Rc1 Nd7 11. cxd5 Bxd5 12. a3 c5 13. dxc5 Nxc5 14. Bxc5 Bxc5
15. b4 Be7 16. Ne5 Bxg2 17. Kxg2 Bf6 18. Nc6 Qe8 19. Qb3 Qd7 20. Rfd1 Qb7 21.
Qf3 b5 22. Rc2 Rac8 23. Rdc1 Rc7 24. Na5 Qxf3+ 25. Kxf3 Rxc2 26. Rxc2 g5 27. g4
Kg7 28. Nb3 Ra8 29. e3 a6 30. Ke4 h6 31. h3 Kg6 32. Nd4 Bxd4 33. exd4 a5 34. Rc5
axb4 35. axb4 Ra2 36. f3 Rh2 37. Rxb5 Rxh3 38. Rb7 Rh1 39. b5 f5+ 40. gxf5+
exf5+ 41. Ke5 g4 42. Rb6+ Kg5 43. f4+ Kh5 44. Rb8 Kh4 45. Rg8 Kg3 46. d5 Kf3 47.
d6 Rd1 48. b6 g3 49. b7 Re1+ 50. Kxf5 Rb1 51. b8=Q Rxb8 0-1

[Event "Women's Speed Chess Q5"]
[Site "chess.com INT"]
[Date "2021.06.04"]
[Round "3"]
[White "Farhat Willemstein, Stela Souza"]
[Black "Sviridova, Vlada"]
[Result "1-0"]
[WhiteTitle "WFM"]
[BlackTitle "WFM"]
[WhiteElo "1758"]
[BlackElo "2144"]
[WhiteFideId "2109808"]
[BlackFideId "24109606"]
[EventDate "2021.06.04"]

1. Nf3 d5 2. g3 Nf6 3. Bg2 c6 4. b3 Bf5 5. Bb2 h6 6. d3 e6 7. Nbd2 Be7 8. O-O
O-O 9. Ne5 Nbd7 10. e4 Bh7 11. Nxd7 Nxd7 12. Qe2 Bf6 13. d4 a5 14. c4 dxe4 15.
Nxe4 Be7 16. Rad1 Qc7 17. d5 cxd5 18. cxd5 exd5 19. Rxd5 Bxe4 20. Bxe4 Nf6 21.
Rc1 Qb6 22. Rb5 Qe6 23. Re5 Qd6 24. Rd1 Qc7 25. Rxe7 Qxe7 26. Bh7+ Nxh7 27. Qxe7
Rae8 28. Qxb7 Re2 29. Bc3 Ng5 30. Rd2 Re1+ 31. Kg2 Rfe8 32. Rd7 R1e2 33. h4 Ne6
34. Rxf7 Rxa2 35. Bxg7 Nc5 36. Qc7 Ne6 37. Qd7 Rxf2+ 38. Kxf2 1-0

[Event "Women's Speed Chess Q5"]
[Site "chess.com INT"]
[Date "2021.06.04"]
[Round "3"]
[White "Obregon Garcia, Roxangel"]
[Black "Torres Hernandez, Leslie Carolin"]
[Result "1-0"]
[WhiteTitle "WIM"]
[BlackTitle "WFM"]
[WhiteElo "2167"]
[BlackElo "1884"]
[WhiteFideId "3520420"]
[BlackFideId "8400504"]
[EventDate "2021.06.04"]

1. d4 g6 2. Bf4 Bg7 3. e3 c5 4. c3 cxd4 5. exd4 Qb6 6. Qd2 Nc6 7. Na3 d5 8. Bd3
Nf6 9. Nf3 Ne4 10. Qe2 Bf5 11. O-O O-O 12. Nb5 a6 13. Bc7 Nxc3 14. Qd2 Ne4 15.
Qe3 Bxd4 16. Nfxd4 Qc5 17. Nxc6 axb5 18. Qxc5 Nxc5 19. Nxe7+ Kg7 20. Bxf5 gxf5
21. Nxf5+ Kf6 22. Nd4 Ne4 23. f3 Nd2 24. Rfd1 Nc4 25. b3 Ne3 26. Rd3 Nf5 27.
Nxf5 Kxf5 28. Rxd5+ Ke6 29. Rd6+ Kf5 30. g4+ Kg5 31. Rd5+ Kg6 32. Rxb5 Rfe8 33.
a4 Re2 34. Rd1 Rc8 35. Rxb7 Rc2 36. Rd6+ Kg7 37. Rd7 Kg6 38. Bf4 1-0

[Event "Women's Speed Chess Q5"]
[Site "chess.com INT"]
[Date "2021.06.04"]
[Round "3"]
[White "Obolentseva, Alexandra"]
[Black "Nguyen, Hong Anh"]
[Result "1/2-1/2"]
[WhiteTitle "WGM"]
[BlackTitle "WIM"]
[WhiteElo "2297"]
[BlackElo "1993"]
[WhiteFideId "24153648"]
[BlackFideId "12406732"]
[EventDate "2021.06.04"]

1. d4 Nf6 2. c4 g6 3. Nc3 d5 4. Bd2 Bg7 5. Nf3 O-O 6. cxd5 Nxd5 7. e4 Nxc3 8.
Bxc3 c5 9. d5 Bxc3+ 10. bxc3 Bg4 11. Be2 e6 12. O-O exd5 13. exd5 Nd7 14. Re1
Nb6 15. c4 Bxf3 16. Bxf3 Nxc4 17. Rc1 b5 18. Be2 Nb6 19. Rxc5 a6 20. Bf3 Rc8 21.
Qc2 Nc4 22. Rxc8 Qxc8 23. h3 Qd7 24. Qc3 Qd6 25. a4 Rb8 26. axb5 axb5 27. Rb1
Ne5 28. Be2 Qxd5 29. Qc7 Rb7 30. Qc3 Qe4 31. Rxb5 Rxb5 32. Bxb5 h5 33. Bf1 h4
34. Qc8+ Kg7 35. Qc3 f6 36. f3 Qb7 37. Qd4 Nc6 38. Qxh4 Qb6+ 39. Qf2 Qb4 40. Qe3
Ne5 41. f4 Nf7 42. Qf2 Nd6 43. g4 Ne4 44. Qa7+ Kh6 45. Qe3 Nd6 46. f5+ g5 47.
Bg2 Nf7 48. Kh1 Ne5 49. Kh2 Qxg4 50. Qxe5 Qxg2+ 51. Kxg2 fxe5 52. Kf3 Kg7 53.
Ke3 Kf7 54. Kf3 Ke7 55. Ke3 Kf7 56. Kf3 Ke7 57. Ke3 Kf7 1/2-1/2

[Event "Women's Speed Chess Q5"]
[Site "chess.com INT"]
[Date "2021.06.04"]
[Round "3"]
[White "Koridze, Lile"]
[Black "Zaichenko, Daria"]
[Result "1-0"]
[WhiteTitle "WFM"]
[BlackTitle "WFM"]
[WhiteElo "2016"]
[BlackElo "2104"]
[WhiteFideId "13612514"]
[BlackFideId "4197453"]
[EventDate "2021.06.04"]

1. d4 d5 2. c4 e6 3. Nf3 Nf6 4. g3 Be7 5. Bg2 O-O 6. O-O dxc4 7. Ne5 Nc6 8. Nxc6
bxc6 9. Na3 Bxa3 10. bxa3 Rb8 11. Qc2 Qxd4 12. Be3 Qd7 13. Qxc4 Nd5 14. Bxa7 Ra8
15. Bc5 Ba6 16. Qc2 Rfb8 17. Rfd1 f5 18. e4 fxe4 19. Qxe4 Qf7 20. Bh3 Nc3 21.
Qe5 Ne2+ 22. Kg2 Bc4 23. Rd2 Rb5 24. Rxe2 Rxc5 25. Qxc5 Bxe2 26. Qxc6 Ra6 27.
Qe4 Bb5 28. Kg1 Kh8 29. Rd1 Bd7 30. Qb7 Rd6 31. Rxd6 cxd6 32. Qb8+ Qe8 33. Qxd6
h6 34. Bf1 e5 35. Bd3 e4 36. Bxe4 Qxe4 37. Qxd7 Qb1+ 38. Kg2 Qxa2 39. a4 Qe2 40.
Qd4 Qa6 41. Qe4 Kg8 42. Kf3 1-0